000 00859cab a2200181 4500
001 ##L133217
008 060420n2006 000 0 eng u
035 _a(Sirsi) u133217
041 0 _aeng
100 1 _aSmith, Dave
245 0 0 _aSupply line
260 _c2006
490 0 _aFire Prevention Fire Engineers Journal
_v66((267) April 2006, 17-19(3)
520 _aReports on the work of the Fire and Rescue Suppliers Association (FIRESA), a trade association for UK fire and rescue suppliers. The primary purposes of the organisation are to contribute to the growth and development of the fire and rescue service market and to provide an industry voice on matters of common interest. Looks at the key role played by FIRESA in the National Procurement Strategy.
590 _aIKA250406
690 _aMANAGEMENT-HEALTH AND SAFETY-FIRE SAFETY
942 _n0
999 _c76871
_d76871